00517nam a2200193 a 4500001001300000003000900013005001700022008004100039020000900080082001300089100001900102245002700121260004200148300000900190500003500199505005100234650001900285700001900304nice12345678IN_TiNIC20260116012510.0050524s1985 alla grp 000 0 hin  ac2000a270bKHA aKhan, Benjamin aMasihi Dharm Ka Itehas aAllahabadbLok Bharti Prakashanc1985 a207p aincludes index and biblioraphy2 aprinted from The Muslim World, lxi, no.3, 1971 aChurch-History1 aKhan, Benjamin